TV Debuts: 1989 Quiz Stats

Quiz Updated Oct 19, 2017

Also try: TV Debuts: 1990
Challenge
Share
Tweet
Score 0/16 Timer 06:00
0 Plays Today
Hint Answer % Correct
The Simpsons
99.4%
Seinfeld
94.7%
Baywatch
92.7%
Saved by the Bell
82.4%
Family Matters
78.2%
Doogie Howser, M.D.
78.1%
America's Funniest Home Videos
70.7%
Babar
65.8%
Hint Answer % Correct
Coach
65.2%
Tales from the Crypt
56.6%
Quantum Leap
54.7%
Major Dad
44.9%
Chip 'n Dale Rescue Rangers
42.8%
Agatha Christie's Poirot
31.6%
The All New Mickey Mouse Club
24.7%
Hey Dude
14.2%

You're not logged in!

Compare scores with friends on all Sporcle quizzes.
Sign Up with Email
OR
Log In

You Might Also Like...

Show Comments

Extras

Top Quizzes Today


Score Distribution

Your Account Isn't Verified!

In order to create a playlist on Sporcle, you need to verify the email address you used during registration. Go to your Sporcle Settings to finish the process.